| 000 | 01397aam a2200361 i 4500 | ||
|---|---|---|---|
| 001 | 768714001 | ||
| 003 | CO-MdFUSB | ||
| 005 | 20241021100914.0 | ||
| 007 | ta | ||
| 008 | 241020t1989 -us||||| |||| 001 0 spa d | ||
| 020 | _a0-8297-0798-0 | ||
| 040 |
_bspa _cCO-MdFUSB _dCO-MdFUSB |
||
| 041 | 0 |
_aspa _heng |
|
| 082 |
_223 _a230.0411 _bD998 |
||
| 100 | 1 |
_aDyrness, William A. _eautor |
|
| 240 | _aThemes in Old Testament Theology | ||
| 245 | 0 |
_aTemas de la teología del Antiguo Testamento _c/ William Dyrness ; traducido por Agustín S. Contin |
|
| 264 | 1 |
_aMiami, Florida : _bVida, _c[1989] |
|
| 264 | 4 | _c©1989 | |
| 300 |
_a194 páginas _c; 21 cm |
||
| 336 |
_atexto _btxt _2rdacontent |
||
| 337 |
_2rdamedia _asin mediación _bn |
||
| 338 |
_2rdacarrier _avolumen _bnc |
||
| 500 | _aIncluye índice | ||
| 505 | _aLa autorrevelación de Dios. -- La naturaleza de Dios. -- La creación y la providencia. -- El hombre y la mujer. -- El pecado. -- El pacto. -- La ley. -- La adoración. -- La devoción piadosa.-- La ética. -- La sabiduria. -- El Espíritu de Dios. -- La profecía. -- La esperanza de Israel. | ||
| 563 | _aRústica | ||
| 630 | 0 | 7 |
_aBiblia. _pAntiguo Testamento |
| 650 | 7 |
_aTeología bíblica _9320 |
|
| 650 | 7 |
_aHermenéutica bíblica _2embne _97333 |
|
| 700 |
_aContin, Agustín S., _96559 _etradcutor |
||
| 942 | _cBK | ||
| 945 | _aCatherine Arias Alvarez | ||
| 999 |
_c33858 _d33858 |
||